| 000 | 00563nam a2200229Ia 4500 | ||
|---|---|---|---|
| 003 | OSt | ||
| 005 | 20220408091349.0 | ||
| 008 | 210210b1995 xxu||||| |||| 00| 0 eng d | ||
| 020 | _a0 7069 9929 0 | ||
| 040 |
_aAL _c |
||
| 041 | _aEnglish | ||
| 082 | _a332.1 SHEB | ||
| 100 |
_aSHEKHAR (K C). _928394 |
||
| 245 | _aBanking theory and practice.Rev. | ||
| 250 | _a17 | ||
| 260 |
_aND _bVikas publishing house _c1995 |
||
| 300 | _axix,774 | ||
| 650 |
_aBanking theory & practice _928395 |
||
| 690 |
_aBanking _928396 |
||
| 906 | _a051671 | ||
| 942 |
_2ddc _cBK |
||
| 999 |
_c100226 _d100226 |
||